书目信息 |
| 题名: |
微分几何入门与广义相对论
|
|
| 作者: | 周琳 , 梁灿彬 著 | |
| 分册: | 上册 | |
| 出版信息: | 北京 科学出版社 2006.12 |
|
| 页数: | 442页 | |
| 开本: | 24cm | |
| 丛书名: | 现代物理基础丛书:7 | |
| 单 册: | ||
| 中图分类: | O186.1 | |
| 科图分类: | ||
| 主题词: | 几何 | |
| 电子资源: | ||
| ISBN: | 7-03-016460-1 | |
| 000 | 00722 nam 000253 | |
| 001 | 0100002053 | |
| 005 | 20070901101117.93 | |
| 010 | @a7-03-016460-1@dCNY59.00 | |
| 100 | @a20070807d2006 em y0chiy0121 ea | |
| 101 | @achi | |
| 102 | @aCN@b110000 | |
| 105 | @ay z 000yy | |
| 200 | 10 | @a微分几何入门与广义相对论@9wei fen ji he ru men yu guang yi xiang dui lun@h上册@f梁灿彬,周琳著@Fliang can bin zhou lin zhu |
| 205 | @a第二版 | |
| 210 | @a北京@c科学出版社@d2006.12 | |
| 215 | @a442页@d24cm | |
| 225 | @a现代物理基础丛书:7 | |
| 606 | @a几何 | |
| 690 | @aO186.1@v4 | |
| 701 | 1 | @a周琳@9zhou lin@4著 |
| 701 | 0 | @a梁灿彬@9liang can bin@4著 |
| 801 | @aCN@c20070901 | |
| 901 | @a000003 | |
| 905 | @dO186.1@eL395 | |
| 微分几何入门与广义相对论.上册/梁灿彬,周琳著.-第二版.-北京:科学出版社,2006.12 |
| 442页;24cm.-(现代物理基础丛书:7) |
| ISBN 7-03-016460-1:CNY59.00 |
| ● |
| 相关链接 |
|
|
|
正题名:微分几何入门与广义相对论
索取号:O186.1/L395
 
预约/预借
| 序号 | 登录号 | 条形码 | 馆藏地/架位号 | 状态 | 备注 |
| 1 | 644430 | 206444301 | 自科库401/401自科库 76排1列4层/ [索取号:O186.1/L395] | 在馆 | |
| 2 | 644431 | 206444310 | 自科库401/401自科库 76排1列4层/ [索取号:O186.1/L395] | 在馆 |